Statistics for Movie Trivia: 1999

Click here to take the quiz!

General Stats

  • This quiz has been taken 29 times
  • The average score is 5 of 15

Answer Stats

actors that are in......this movie% Correct
Chris Cooper, Peter Gallagher, Thora Birch, Annette Bening, Allison Janney, Mena Suvari, Kevin Spacey, Wes BentleyAmerican Beauty
68%
Linda Fiorentino, Alan Rickman, Salma Hayek, Bud Cort, Ben Affleck, Alanis Morrisette, Matt Damon, George Carlin, Janeane Garofalo, Jason LeeDogma
56%
Cate Blanchett, Matt Damon, Philip Baker Hall, Gwyneth Paltrow, Philip Seymour Hoffman, Jude LawThe Talented Mr. Ripley
52%
Philip Seymour Hoffman, Jason Robards, Tom Cruise, Felicity Huffman, Julianne Moore, Melinda Dillon, Philip Baker Hall, John C. Reilly, Alfred Molina, William H. Macy, Eileen Ryan, Luis Guzman, Henry Gibson, Melora WaltersMagnolia
40%
Breckin Meyer, Melissa McCarthy, Sarah Polley, Taye Diggs, William Fichtner, Jay Mohr, Timothy Olyphant, Katie Holmes, Scott Wolf, Jane KrakowskiGo
32%
Adrien Brody, John Travolta, Jared Leto, Miranda Otto, George Clooney, Woody Harrelson, John C. Reilly, John Cusack, Sean Penn, Nick Nolte (actually released Christmas 1998)The Thin Red Line
32%
Sam Rockwell, Rainn Wilson, Sigourney Weaver, Justin Long, Missi Pyle, Alan Rickman, Tim Allen, Enrico Colantoni, Tony ShalhoubGalaxy Quest
28%
Elisabeth Moss, Kurtwood Smith, Brittany Murphy, Vanessa Redgrave, Clea DuVall, Winona Ryder, Mary Kay Place, Whoopie Goldberg, Angelina Jolie, Jeffrey Tambor, Jared LetoGirl, Interrupted
28%
Paul Rudd, Kathy Baker, J.K. Simmons, Erykah Badu, Kieran Culkin, Tobey Maguire, Kate Nelligan, Delroy Lindo, Charlize Theron, Paz de la Huerta, Michael CaineThe Cider House Rules
24%
Christopher Walken, Dave Foley, Brendan Fraser, Nathan Fillion, Sissy Spacek, Alicia SilverstoneBlast from the Past
20%
Paul Giamatti, Danny DeVito, Vincent Schiavelli, Courtney Love, Richard Belzer, Jim Carrey, Peter Bonerz, Bob ZmudaMan on the Moon
20%
William Devane, Deborah Kara Unger, Kris Kristofferson, Lucy Liu, Mel Gibson, Maria Bello, David PaymerPayback
20%
Susan Sarandon, Cary Elwes, Bill Murray, Vanessa Redgrave, Jack Black, Emily Watson, John Cusack, Paul Giamatti, Ruben Blades, Hank AzariaCradle Will Rock
12%
Colm Feore, Greta Scacchi, Samuel Jackson, Julian Richings, Sandra Oh, Jason FlemyngThe Red Violin
12%
Dennis Hopper, Holly Hunter, Samantha Morton, Denis Leary, Billy Crudup, John Ventimiglia, Jack Black. Will Patton, Michael ShannonJesus' Son
8%

Score Distribution

Percentile by Number Answered

Percent of People with Each Score

Your Score History

You have not taken this quiz